000 01510nam a22003614a 4500
001 ebr10211237
003 CaPaEBR
006 m u
007 cr cn|||||||||
008 060911s2007 enka sb 001 0beng
010 _z 2006029940
020 _z9780754653219
040 _aCaPaEBR
_cCaPaEBR
035 _a(OCoLC)427508854
043 _ae-uk---
050 1 4 _aQH31.L795
_bP38 2007eb
082 0 4 _a508.092
_aB
_222
100 1 _aPatton, Mark.
245 1 0 _aScience, politics, and business in the work of Sir John Lubbock
_h[electronic resource] :
_ba man of universal mind /
_cMark Patton.
260 _aAldershot, Hampshire, England ;
_aBurlington, VT :
_bAshgate,
_cc2007.
300 _ax, 270 p. :
_bill.
490 1 _aScience, technology, and culture, 1700-1945
504 _aIncludes bibliographical references (p. [251]-265) and index.
533 _aElectronic reproduction.
_bPalo Alto, Calif. :
_cebrary,
_d2013.
_nAvailable via World Wide Web.
_nAccess may be limited to ebrary affiliated libraries.
600 1 0 _aLubbock, John,
_cSir,
_d1834-1913.
650 0 _aNaturalists
_zGreat Britain
_vBiography.
650 0 _aPoliticians
_zGreat Britain
_vBiography.
650 0 _aBusinessmen
_zGreat Britain
_vBiography.
655 7 _aElectronic books.
_2local
710 2 _aebrary, Inc.
830 0 _aScience, technology, and culture, 1700-1945.
856 4 0 _uhttp://site.ebrary.com/lib/rucke/Doc?id=10211237
_zAn electronic book accessible through the World Wide Web; click to view
999 _c227659
_d227659